000 00823aam a2200277 i 4500
001 768714001
003 CO-MdFUSB
005 20250514125915.0
007 ta
008 250514t1951 -us |||| |||| 00| 0 spa d
040 _cCO-MdFUSB
041 0 _aspa
082 0 4 _a248
_223
_bS6421s
100 1 _aSmith, Hanna Whitall (1832-1911)
_eautor
245 1 3 _aEl Secreto de la vida cristiana feliz
_c/ Hanna Whitall Smith ; traducido por Lucía C. García
264 0 _bBeacon Hill Press,
_aBuenos Aires, Argentina :
_c[1951]
300 _a215 páginas
336 _atexto
_btxt
_2rdacontent
337 _2rdamedia
_asin mediación
_bn
338 _2rdacarrier
_avolumen
_bnc
563 _aRústico
650 0 _aVida cristiana
_919
700 _aGarcía, Lucía C.,
_911484
_etraductor
942 _cBK
945 _aJTF-925
999 _c36145
_d36145